| 000 | 01579nam0a2200337 4500 | ||
|---|---|---|---|
| 001 | RU\NLR\BIBL_A\011798804 | ||
| 005 | 20250626133043.0 | ||
| 010 |
_a5-7511-2005-6 _91000 |
||
| 035 | _a(NILC)EL/0000082457 | ||
| 035 | _aRUSMED\0000066474 | ||
| 035 | _a(NLR Aleph) 011798804 | ||
| 090 |
_a11861143 _c11861143 |
||
| 100 | _a20180926d2006 |||y0rusy50 ca | ||
| 101 | 0 | _arus | |
| 102 | _aRU | ||
| 105 | _aa z 000 y | ||
| 200 | 1 |
_aГипоксия и система крови _fЕ. Д. Гольдберг, А. М. Дыгай, Г. Н. Зюзьков _gРоссийская академия медицинских наук, ГУ НИИ фармакологии ТНЦ СО РАМН |
|
| 210 |
_aТомск _cИзд-во Томского университета _d2006 |
||
| 215 |
_a140 с., [2] л. цв. ил. _cил. _d21 |
||
| 300 | _aНа 4-й с. обл. авт.: Гольдберг Е. Д. - акад. РАМН, Дыгай А. М. - акад. РАМН, Зюзьков Г. Н. - д-р мед. наук | ||
| 320 | _aБиблиогр.: с. 110-140 | ||
| 606 | 1 |
_aКроветворение _xРегуляция при кислородном голодании _92396536 _3RU\NLR\AUTH\6601648865 |
|
| 686 | 1 | _aР252.725 | |
| 686 | 1 | _aР252.71 | |
| 700 | 1 |
_aГольдберг _bЕ. Д. _f1933- _gЕвгений Данилович |
|
| 701 | 1 |
_aДыгай _bА. М. _gАлександр Михайлович |
|
| 701 | 1 |
_aЗюзьков _bГ. Н. _f1977- _gГлеб Николаевич |
|
| 942 | _cBOOK | ||
| 980 | _aNB | ||